Szczegóły MARC21

Ekonometria : zastosowania metod ilościowych /

001 -Numer kontrolny rekordu [,]
    • @
    • pole kontrolne
    • gg99601312
005 -Data i czas ostatniej zmiany [,]
    • @
    • Data ostatniej zmiany
    • 20260413131811.0
022 -Międzynarodowy Znormalizowany Numer Wydawnictwa Ciągłego - ISSN [ , ]
    • a
    • International Standard Serial Number
    • 1507-3866
035 -Inne numery kontrolne [ , ]
    • a
    • Numer kontrolny
    • (OCoLC)1150399267
040 -Instytucja sporządzająca opis [ , ]
    • a
    • Instytucja, która sporządziła opis (NP)
    • LUBL U/AW
    • c
    • Instytucja, która sporządziła rekord (NP)
    • LUBL U/AW
    • d
    • Instytucja, która zmodyfikowała rekord (P)
    • LUBL U/AW
    • d
    • Instytucja, która zmodyfikowała rekord (P)
    • TOR U/MGM
    • d
    • Instytucja, która zmodyfikowała rekord (P)
    • LUBL U/HPs
    • d
    • Instytucja, która zmodyfikowała rekord (P)
    • WA U/DB
    • d
    • Instytucja, która zmodyfikowała rekord (P)
    • SIEDL 001/EC
    • d
    • Instytucja, która zmodyfikowała rekord (P)
    • TOR U/WS
    • d
    • Instytucja, która zmodyfikowała rekord (P)
    • TOR U/kn
    • d
    • Instytucja, która zmodyfikowała rekord (P)
    • WA U/MFF
041 -Język dokumentu [0, ]
    • a
    • Język tekstu (P)
    • polski
    • b
    • Język streszczeń(P)
    • angielski
942 -Rodzaj dokumentu [ , ]
    • c
    • Rodzaj dokumentu
    • Wydaw. ciągłe w tym czasopisma
998 -Inne dane NUKAT [ , ]
    • a
    • Numer systemowy
    • vtls000027679
210 -Skrót tytułu [1, ]
    • a
    • Skrót tytułu
    • Ekonometria
    • b
    • Dopowiedzenie
    • (Wroc.)
222 -Tytuł kluczowy [ ,0]
    • a
    • Tytuł kluczowy
    • Ekonometria
    • b
    • Dopowiedzenie
    • (Wrocław)
245 -Strefa tytułu i oznaczenia odpowiedzialności [0,0]
    • a
    • Tytuł
    • Ekonometria :
    • b
    • Ciąg dalszy tytułu (NP)
    • zastosowania metod ilościowych /
    • c
    • Pozostałe elementy strefy tytułu i oznaczenia odpowiedzialności (NP)
    • Akademia Ekonomiczna im. Oskara Langego.
246 -Wariant tytułu [1,7]
    • a
    • Tytuł (NP)
    • Prace Naukowe Akademii Ekonomicznej we Wrocławiu.
    • p
    • Nazwa części (P)
    • Ekonometria
246 -Wariant tytułu [1,7]
    • a
    • Tytuł (NP)
    • Prace Naukowe UE.
    • p
    • Nazwa części (P)
    • Ekonometria
246 -Wariant tytułu [1,3]
    • a
    • Tytuł (NP)
    • Econometrics
260 -Strefa adresu wydawniczego [ , ]
    • a
    • Miejsce wydania (P)
    • Wrocław :
    • b
    • Nazwa wydawcy (P)
    • Wydawnictwo Akademii Ekonomicznej,
    • c
    • Data wydania (P)
    • 1998-.
830 -Hasło dodatkowe serii i opisu książki wielotomowej - tytuł ujednolicony/tytuł [ ,0]
    • a
    • Tytuł ujednolicony/tytuł (NP)
    • Prace Naukowe Akademii Ekonomicznej im. Oskara Langego we Wrocławiu
    • x
    • ISSN
    • 0324-8445
830 -Hasło dodatkowe serii i opisu książki wielotomowej - tytuł ujednolicony/tytuł [ ,0]
    • a
    • Tytuł ujednolicony/tytuł (NP)
    • Prace Naukowe Uniwersytetu Ekonomicznego we Wrocławiu
    • x
    • ISSN
    • 1899-3192
300 -Strefa opisu fizycznego [ , ]
    • c
    • Format (NP)
    • 24 cm.
310 -Częstotliwość [ , ]
    • a
    • Częstotliwość
    • Kwartalnik,
321 -Poprzednia częstotliwość [ , ]
    • a
    • Poprzednia częstotliwość
    • Nieregularne,
    • b
    • Daty występowania poprzedniej częstotliwości
    • 1998-2010
336 -Typ zawartości [ , ]
    • a
    • Termin opisujący typ zawartości
    • Tekst
    • b
    • Typ/rodzaj nośnika
    • txt
    • 2
    • Źródło (termin i kod)
    • rdacontent
337 -Typ mediów [ , ]
    • a
    • Tryb odtwarzania
    • Bez urządzenia pośredniczącego
    • b
    • Kod typu mediów
    • n
    • 2
    • Źródło (termin i kod)
    • rdamedia
338 -Typ/rodzaj nośnika [ , ]
    • a
    • Hasło opisujące typ nośnika
    • Wolumin
    • b
    • Kod typu nośnika
    • nc
    • 2
    • Źródło (termin i kod)
    • rdacarrier
362 -Strefa numeracji [0, ]
    • a
    • Strefa numeracji
    • 1-.
490 -Strefa serii i książki wielotomowej - forma nie do wyszukiwania [1, ]
    • a
    • Tytuł (P)
    • Prace Naukowe Akademii Ekonomicznej im. Oskara Langego we Wrocławiu,
    • x
    • ISSN (NP)
    • 0324-8445
490 -Strefa serii i książki wielotomowej - forma nie do wyszukiwania [1, ]
    • a
    • Tytuł (P)
    • Prace Naukowe Uniwersytetu Ekonomicznego we Wrocławiu,
    • x
    • ISSN (NP)
    • 1899-3192
500 -Uwaga ogólna [ , ]
    • a
    • Uwaga ogólna (NP)
    • W zb. og. Prac Naukowych AE nr 1 (1998) = nr 765 - nr 20 (2008) = nr 1195.
500 -Uwaga ogólna [ , ]
    • a
    • Uwaga ogólna (NP)
    • W zb. og. Prac Naukowych UE nr 21 (2008) = nr 6 - nr 34 (2011) = nr 200.
500 -Uwaga ogólna [ , ]
    • a
    • Uwaga ogólna (NP)
    • Od nr 1(=35) (2012) tytuł usamodzielnia się, zachowuje dotychczasowy nr ISSN i przestaje się ukazywać w ramach serii : Prace Naukowe Uniwersytetu Ekonomicznego we Wrocławiu.
500 -Uwaga ogólna [ , ]
    • a
    • Uwaga ogólna (NP)
    • Od 2018, nr 1 podtytuł: advances in applied data analysis.
500 -Uwaga ogólna [ , ]
    • a
    • Uwaga ogólna (NP)
    • Od 31 (2011) tytuł równoległy.: Econometrics.
530 -Uwaga dot. innej postaci fizycznej dokumentu [ , ]
    • a
    • Uwaga dot. innej postaci fizycznej dokumentu
    • Dostępne również w formie elektronicznej.
546 -Uwaga dot. języka [ , ]
    • a
    • Uwaga dot. języka
    • Streszczenie w języku angielskim.
546 -Uwaga dot. języka [ , ]
    • a
    • Uwaga dot. języka
    • Od 2010 tekst angielskim i polskim.
650 -Hasło przedmiotowe - nazwa pospolita [ ,7]
    • a
    • Hasło przedmiotowe
    • Ekonometria
650 -Hasło przedmiotowe - nazwa pospolita [ ,7]
    • a
    • Hasło przedmiotowe
    • Ekonometria
650 -Hasło przedmiotowe - nazwa pospolita [ ,7]
    • a
    • Hasło przedmiotowe
    • Zarządzanie
    • x
    • Określnik rzeczowy
    • metody statystyczne
655 -INDEX TERM--GENRE/FORM [ ,7]
    • a
    • Genre/form data or focus term
    • Czasopismo ekonomiczne
655 -INDEX TERM--GENRE/FORM [ ,7]
    • a
    • Genre/form data or focus term
    • Czasopismo naukowe
655 -INDEX TERM--GENRE/FORM [ ,7]
    • a
    • Genre/form data or focus term
    • Czasopismo polskie
710 -Hasło dodatkowe - nazwa ciała zbiorowego [2, ]
    • a
    • Nazwa ciała zbiorowego lub nazwa geograficzna jako pierwszy element (NP)
    • Akademia Ekonomiczna im. Oskara Langego (Wrocław).
710 -Hasło dodatkowe - nazwa ciała zbiorowego [2, ]
    • a
    • Nazwa ciała zbiorowego lub nazwa geograficzna jako pierwszy element (NP)
    • Uniwersytet Ekonomiczny (Wrocław).
710 -Hasło dodatkowe - nazwa ciała zbiorowego [2, ]
    • a
    • Nazwa ciała zbiorowego lub nazwa geograficzna jako pierwszy element (NP)
    • Akademia Ekonomiczna im. Oskara Langego (Wrocław).
    • b
    • Nazwa jednostki podrzędnej (P)
    • Wydawnictwo.
    • 4
    • Określenie rodzaju współpracy
    • pbl
710 -Hasło dodatkowe - nazwa ciała zbiorowego [2, ]
    • a
    • Nazwa ciała zbiorowego lub nazwa geograficzna jako pierwszy element (NP)
    • Uniwersytet Ekonomiczny (Wrocław).
    • b
    • Nazwa jednostki podrzędnej (P)
    • Wydawnictwo.
    • 4
    • Określenie rodzaju współpracy
    • pbl
780 -Tytuł poprzedni wydawnictwa [0,3]
    • t
    • Title
    • Informatyka i Ekonometria
    • g
    • Relationship information
    • 1996-1997
    • x
    • International Standard Serial Number
    • 1428-1163
    • w
    • Record control number
    • (NUKAT)gg97603323
856 -Lokalizacja i sposób dostępu do dokumentu elektronicznego [4,1]
    • u
    • URI
    • http://www.dbc.wroc.pl/publication/18028
856 -Lokalizacja i sposób dostępu do dokumentu elektronicznego [4,1]
    • u
    • URI
    • https://www.infona.pl/resource/issn/15073866
    • z
    • Uwaga
    • Licencja krajowa
952 -Egzemplarz [ , ]
    • c
    • Sygnatura
    • Ec.47703
    • d
    • Lokalizacja
    • BE Biblioteka Ekonomiczna
    • i
    • Nr tomu wydaw.cg
    • 12 (2003).
    • y
    • Status udostępniania
    • Tylko na miejscu
952 -Egzemplarz [ , ]
    • c
    • Sygnatura
    • Ec.47703
    • d
    • Lokalizacja
    • BE Biblioteka Ekonomiczna
    • i
    • Nr tomu wydaw.cg
    • 13 (2004).
    • y
    • Status udostępniania
    • Tylko na miejscu
952 -Egzemplarz [ , ]
    • c
    • Sygnatura
    • Ec.47703
    • d
    • Lokalizacja
    • BE Biblioteka Ekonomiczna
    • i
    • Nr tomu wydaw.cg
    • 14 (2004).
    • y
    • Status udostępniania
    • Tylko na miejscu
952 -Egzemplarz [ , ]
    • c
    • Sygnatura
    • Tc.765
    • d
    • Lokalizacja
    • T Biblioteka Kampusowa Cukrowa EFZ
    • i
    • Nr tomu wydaw.cg
    • 4 (2000).
    • y
    • Status udostępniania
    • Tylko na miejscu
952 -Egzemplarz [ , ]
    • c
    • Sygnatura
    • Tc.765
    • d
    • Lokalizacja
    • T Biblioteka Kampusowa Cukrowa EFZ
    • i
    • Nr tomu wydaw.cg
    • 5 (2000).
    • y
    • Status udostępniania
    • Tylko na miejscu
952 -Egzemplarz [ , ]
    • c
    • Sygnatura
    • Ec.47703
    • d
    • Lokalizacja
    • BE Biblioteka Ekonomiczna
    • i
    • Nr tomu wydaw.cg
    • 12 (2003)
    • y
    • Status udostępniania
    • Tylko na miejscu
952 -Egzemplarz [ , ]
    • c
    • Sygnatura
    • Ec.47703
    • d
    • Lokalizacja
    • BE Biblioteka Ekonomiczna
    • i
    • Nr tomu wydaw.cg
    • 13 (2004)
    • y
    • Status udostępniania
    • Tylko na miejscu
952 -Egzemplarz [ , ]
    • c
    • Sygnatura
    • Ec.47703
    • d
    • Lokalizacja
    • BE Biblioteka Ekonomiczna
    • i
    • Nr tomu wydaw.cg
    • 1-3 ; 51-53 (2016)
    • y
    • Status udostępniania
    • Tylko na miejscu
952 -Egzemplarz [ , ]
    • p
    • Kod kreskowy
    • 2003200561669
    • a
    • Numer inwentarzowy
    • Ec.56166
    • c
    • Sygnatura
    • Ec.47703
    • d
    • Lokalizacja
    • BE Biblioteka Ekonomiczna
    • i
    • Nr tomu wydaw.cg
    • Vol. 24 No. 1-4 (2020)
    • r
    • Cena
    • 84.00
    • v
    • Data wprowadzenia opisu
    • 2023-10-03
    • w
    • Data inwentaryzacji
    • 2023-10-03
    • y
    • Status udostępniania
    • Tylko na miejscu
    • z
    • Sposób nabycia
    • e
    • Akcesja
    • 23wc2/1
952 -Egzemplarz [ , ]
    • p
    • Kod kreskowy
    • 2003200561676
    • a
    • Numer inwentarzowy
    • Ec.56167
    • c
    • Sygnatura
    • Ec.47703
    • d
    • Lokalizacja
    • BE Biblioteka Ekonomiczna
    • i
    • Nr tomu wydaw.cg
    • Vol. 25 No. 1-4 (2021)
    • r
    • Cena
    • 84.00
    • v
    • Data wprowadzenia opisu
    • 2023-10-03
    • w
    • Data inwentaryzacji
    • 2023-10-03
    • y
    • Status udostępniania
    • Tylko na miejscu
    • z
    • Sposób nabycia
    • e
    • Akcesja
    • 23wc2/2
952 -Egzemplarz [ , ]
    • a
    • Numer inwentarzowy
    • Ec.47703
    • c
    • Sygnatura
    • Ec.47703
    • d
    • Lokalizacja
    • BE Biblioteka Ekonomiczna
    • i
    • Nr tomu wydaw.cg
    • 1 (1998)
    • p
    • Kod kreskowy
    • 2003200477038
    • y
    • Status udostępniania
    • Tylko na miejscu
952 -Egzemplarz [ , ]
    • a
    • Numer inwentarzowy
    • Ec.48211
    • c
    • Sygnatura
    • Ec.47703
    • d
    • Lokalizacja
    • BE Biblioteka Ekonomiczna
    • i
    • Nr tomu wydaw.cg
    • 2 (1999)
    • p
    • Kod kreskowy
    • 2003200482117
    • y
    • Status udostępniania
    • Tylko na miejscu
952 -Egzemplarz [ , ]
    • a
    • Numer inwentarzowy
    • Ec.48213
    • c
    • Sygnatura
    • Ec.47703
    • d
    • Lokalizacja
    • BE Biblioteka Ekonomiczna
    • i
    • Nr tomu wydaw.cg
    • 3 (1999)
    • p
    • Kod kreskowy
    • 2003200482131
    • y
    • Status udostępniania
    • Tylko na miejscu
952 -Egzemplarz [ , ]
    • a
    • Numer inwentarzowy
    • Ec.48938
    • c
    • Sygnatura
    • Ec.47703
    • d
    • Lokalizacja
    • BE Biblioteka Ekonomiczna
    • i
    • Nr tomu wydaw.cg
    • 4 (2000)
    • p
    • Kod kreskowy
    • 2003200489383
    • y
    • Status udostępniania
    • Tylko na miejscu
952 -Egzemplarz [ , ]
    • a
    • Numer inwentarzowy
    • Ec.48943
    • c
    • Sygnatura
    • Ec.47703
    • d
    • Lokalizacja
    • BE Biblioteka Ekonomiczna
    • i
    • Nr tomu wydaw.cg
    • 5 (2000)
    • p
    • Kod kreskowy
    • 2003200489437
    • y
    • Status udostępniania
    • Tylko na miejscu
952 -Egzemplarz [ , ]
    • a
    • Numer inwentarzowy
    • Ec.49233
    • c
    • Sygnatura
    • Ec.47703
    • d
    • Lokalizacja
    • BE Biblioteka Ekonomiczna
    • i
    • Nr tomu wydaw.cg
    • 6 (2000)
    • p
    • Kod kreskowy
    • 2003200492338
    • y
    • Status udostępniania
    • Tylko na miejscu
952 -Egzemplarz [ , ]
    • a
    • Numer inwentarzowy
    • Ec.49395
    • c
    • Sygnatura
    • Ec.47703
    • d
    • Lokalizacja
    • BE Biblioteka Ekonomiczna
    • i
    • Nr tomu wydaw.cg
    • 7 (2001)
    • p
    • Kod kreskowy
    • 2003200493953
    • y
    • Status udostępniania
    • Tylko na miejscu
952 -Egzemplarz [ , ]
    • a
    • Numer inwentarzowy
    • Ec.49721
    • c
    • Sygnatura
    • Ec.47703
    • d
    • Lokalizacja
    • BE Biblioteka Ekonomiczna
    • i
    • Nr tomu wydaw.cg
    • 8 (2001)
    • p
    • Kod kreskowy
    • 2003200497210
    • y
    • Status udostępniania
    • Tylko na miejscu
952 -Egzemplarz [ , ]
    • a
    • Numer inwentarzowy
    • Ec.50013
    • c
    • Sygnatura
    • Ec.47703
    • d
    • Lokalizacja
    • BE Biblioteka Ekonomiczna
    • i
    • Nr tomu wydaw.cg
    • 9 (2002)
    • p
    • Kod kreskowy
    • 2003200500132
    • y
    • Status udostępniania
    • Tylko na miejscu
952 -Egzemplarz [ , ]
    • a
    • Numer inwentarzowy
    • Ec.50446
    • c
    • Sygnatura
    • Ec.47703
    • d
    • Lokalizacja
    • BE Biblioteka Ekonomiczna
    • i
    • Nr tomu wydaw.cg
    • 10 (2002)
    • p
    • Kod kreskowy
    • 2003200504468
    • y
    • Status udostępniania
    • Tylko na miejscu
952 -Egzemplarz [ , ]
    • a
    • Numer inwentarzowy
    • Ec.52442
    • c
    • Sygnatura
    • Ec.50820
    • d
    • Lokalizacja
    • BE Biblioteka Ekonomiczna
    • i
    • Nr tomu wydaw.cg
    • 15 (2005)
    • p
    • Kod kreskowy
    • 2003200524428
    • y
    • Status udostępniania
    • Tylko na miejscu
952 -Egzemplarz [ , ]
    • a
    • Numer inwentarzowy
    • Ec.52443
    • c
    • Sygnatura
    • Ec.47703
    • d
    • Lokalizacja
    • BE Biblioteka Ekonomiczna
    • i
    • Nr tomu wydaw.cg
    • 16-17 (2006)
    • p
    • Kod kreskowy
    • 2003200524435
    • y
    • Status udostępniania
    • Tylko na miejscu
952 -Egzemplarz [ , ]
    • a
    • Numer inwentarzowy
    • Ec.52444
    • c
    • Sygnatura
    • Ec.50820
    • d
    • Lokalizacja
    • BE Biblioteka Ekonomiczna
    • i
    • Nr tomu wydaw.cg
    • 18-19 (2007)
    • p
    • Kod kreskowy
    • 2003200524442
    • y
    • Status udostępniania
    • Tylko na miejscu
952 -Egzemplarz [ , ]
    • a
    • Numer inwentarzowy
    • Ec.52445
    • c
    • Sygnatura
    • Ec.47703
    • d
    • Lokalizacja
    • BE Biblioteka Ekonomiczna
    • i
    • Nr tomu wydaw.cg
    • 20-22 (2008)
    • p
    • Kod kreskowy
    • 2003200524459
    • y
    • Status udostępniania
    • Tylko na miejscu
952 -Egzemplarz [ , ]
    • a
    • Numer inwentarzowy
    • Ec.53177
    • c
    • Sygnatura
    • Ec.47703
    • d
    • Lokalizacja
    • BE Biblioteka Ekonomiczna
    • i
    • Nr tomu wydaw.cg
    • 23 (2009)
    • p
    • Kod kreskowy
    • 2003200531778
    • y
    • Status udostępniania
    • Tylko na miejscu
952 -Egzemplarz [ , ]
    • a
    • Numer inwentarzowy
    • Ec.53178
    • c
    • Sygnatura
    • Ec.47703
    • d
    • Lokalizacja
    • BE Biblioteka Ekonomiczna
    • i
    • Nr tomu wydaw.cg
    • 27 (2009)
    • p
    • Kod kreskowy
    • 2003200531785
    • y
    • Status udostępniania
    • Tylko na miejscu
952 -Egzemplarz [ , ]
    • a
    • Numer inwentarzowy
    • Ec.53593
    • c
    • Sygnatura
    • Ec.47703
    • d
    • Lokalizacja
    • BE Biblioteka Ekonomiczna
    • i
    • Nr tomu wydaw.cg
    • 29 (2010)
    • p
    • Kod kreskowy
    • 2003200535936
    • y
    • Status udostępniania
    • Tylko na miejscu
952 -Egzemplarz [ , ]
    • a
    • Numer inwentarzowy
    • Ec.53594
    • c
    • Sygnatura
    • Ec.47703
    • d
    • Lokalizacja
    • BE Biblioteka Ekonomiczna
    • i
    • Nr tomu wydaw.cg
    • 30-32 (2011)
    • p
    • Kod kreskowy
    • 2003200535943
    • y
    • Status udostępniania
    • Tylko na miejscu
952 -Egzemplarz [ , ]
    • a
    • Numer inwentarzowy
    • Ec.53935
    • c
    • Sygnatura
    • Ec.47703
    • d
    • Lokalizacja
    • BE Biblioteka Ekonomiczna
    • i
    • Nr tomu wydaw.cg
    • 33-34 (2011)
    • p
    • Kod kreskowy
    • 2003200539354
    • y
    • Status udostępniania
    • Tylko na miejscu
952 -Egzemplarz [ , ]
    • a
    • Numer inwentarzowy
    • Ec.54310
    • c
    • Sygnatura
    • Ec.47703
    • d
    • Lokalizacja
    • BE Biblioteka Ekonomiczna
    • i
    • Nr tomu wydaw.cg
    • 1-4 ; 35-38 (2012)
    • p
    • Kod kreskowy
    • 2003200543108
    • y
    • Status udostępniania
    • Tylko na miejscu
952 -Egzemplarz [ , ]
    • a
    • Numer inwentarzowy
    • Ec.54707
    • c
    • Sygnatura
    • Ec.47703
    • d
    • Lokalizacja
    • BE Biblioteka Ekonomiczna
    • i
    • Nr tomu wydaw.cg
    • 1-4 ; 39-42 (2013)
    • p
    • Kod kreskowy
    • 2003200547076
    • y
    • Status udostępniania
    • Tylko na miejscu
952 -Egzemplarz [ , ]
    • a
    • Numer inwentarzowy
    • Ec.54986
    • c
    • Sygnatura
    • Ec.47703
    • d
    • Lokalizacja
    • BE Biblioteka Ekonomiczna
    • i
    • Nr tomu wydaw.cg
    • 1-4 ; 43-46 (2014)
    • p
    • Kod kreskowy
    • 2003200549865
    • y
    • Status udostępniania
    • Tylko na miejscu
952 -Egzemplarz [ , ]
    • a
    • Numer inwentarzowy
    • Ec.55259
    • c
    • Sygnatura
    • Ec.47703
    • d
    • Lokalizacja
    • BE Biblioteka Ekonomiczna
    • i
    • Nr tomu wydaw.cg
    • 1-4 ; 47-50 (2015)
    • p
    • Kod kreskowy
    • 2003200552599
    • y
    • Status udostępniania
    • Tylko na miejscu
952 -Egzemplarz [ , ]
    • a
    • Numer inwentarzowy
    • Ec.55688
    • c
    • Sygnatura
    • Ec.47703
    • d
    • Lokalizacja
    • BE Biblioteka Ekonomiczna
    • i
    • Nr tomu wydaw.cg
    • 1-4 ; 55-58 (2017)
    • p
    • Kod kreskowy
    • 2003200556887
    • y
    • Status udostępniania
    • Tylko na miejscu
952 -Egzemplarz [ , ]
    • a
    • Numer inwentarzowy
    • Ec.55689
    • c
    • Sygnatura
    • Ec.47703
    • d
    • Lokalizacja
    • BE Biblioteka Ekonomiczna
    • i
    • Nr tomu wydaw.cg
    • Vol. 22 No.1-4 (2018)
    • p
    • Kod kreskowy
    • 2003200556894
    • y
    • Status udostępniania
    • Tylko na miejscu
952 -Egzemplarz [ , ]
    • a
    • Numer inwentarzowy
    • Ec.56005
    • c
    • Sygnatura
    • Ec.47703
    • d
    • Lokalizacja
    • BE Biblioteka Ekonomiczna
    • i
    • Nr tomu wydaw.cg
    • Vol. 23 No. 1-4 (2019)
    • p
    • Kod kreskowy
    • 2003200560051
    • y
    • Status udostępniania
    • Tylko na miejscu
952 -Egzemplarz [ , ]
    • c
    • Sygnatura
    • Ec.47703
    • d
    • Lokalizacja
    • BE Biblioteka Ekonomiczna
    • i
    • Nr tomu wydaw.cg
    • 11 (2003)
    • y
    • Status udostępniania
    • Tylko na miejscu
952 -Egzemplarz [ , ]
    • a
    • Numer inwentarzowy
    • Ec.53096
    • c
    • Sygnatura
    • Ec.47703
    • d
    • Lokalizacja
    • BE Biblioteka Ekonomiczna
    • e
    • Akcesja
    • 10w40a/4
    • i
    • Nr tomu wydaw.cg
    • 28 (2010)
    • p
    • Kod kreskowy
    • 2003200530962
    • r
    • Cena
    • 35.00
    • v
    • Data wprowadzenia opisu
    • 2010-10-04
    • w
    • Data inwentaryzacji
    • 2010-11-16
    • y
    • Status udostępniania
    • Tylko na miejscu
952 -Egzemplarz [ , ]
    • a
    • Numer inwentarzowy
    • Ec.53102
    • c
    • Sygnatura
    • Ec.47703
    • d
    • Lokalizacja
    • BE Biblioteka Ekonomiczna
    • e
    • Akcesja
    • 10w26a/2
    • i
    • Nr tomu wydaw.cg
    • 26 (2009)
    • p
    • Kod kreskowy
    • 2003200531020
    • r
    • Cena
    • 33.00
    • v
    • Data wprowadzenia opisu
    • 2010-04-30
    • w
    • Data inwentaryzacji
    • 2011-02-01
    • y
    • Status udostępniania
    • Tylko na miejscu
952 -Egzemplarz [ , ]
    • a
    • Numer inwentarzowy
    • Ec.53101
    • c
    • Sygnatura
    • Ec.47703
    • d
    • Lokalizacja
    • BE Biblioteka Ekonomiczna
    • e
    • Akcesja
    • 10w26a/1
    • i
    • Nr tomu wydaw.cg
    • 25 (2009)
    • p
    • Kod kreskowy
    • 2003200531013
    • r
    • Cena
    • 35.00
    • v
    • Data wprowadzenia opisu
    • 2010-04-30
    • w
    • Data inwentaryzacji
    • 2011-02-01
    • y
    • Status udostępniania
    • Tylko na miejscu
952 -Egzemplarz [ , ]
    • a
    • Numer inwentarzowy
    • S.93982
    • d
    • Lokalizacja
    • BE Biblioteka Ekonomiczna
    • e
    • Akcesja
    • 10d726a/9
    • i
    • Nr tomu wydaw.cg
    • 25 (2009)
    • p
    • Kod kreskowy
    • 2001100939823
    • r
    • Cena
    • 35.00
    • v
    • Data wprowadzenia opisu
    • 2010-12-15
    • w
    • Data inwentaryzacji
    • 2011-04-15
    • y
    • Status udostępniania
    • krótkoterminowe
952 -Egzemplarz [ , ]
    • a
    • Numer inwentarzowy
    • Ec.52821
    • c
    • Sygnatura
    • Ec.47703
    • d
    • Lokalizacja
    • BE Biblioteka Ekonomiczna
    • e
    • Akcesja
    • 09w69/1
    • i
    • Nr tomu wydaw.cg
    • 24 (2009)
    • p
    • Kod kreskowy
    • 2003200528211
    • r
    • Cena
    • 17.00
    • v
    • Data wprowadzenia opisu
    • 2009-12-08
    • w
    • Data inwentaryzacji
    • 2010-02-19
    • y
    • Status udostępniania
    • Tylko na miejscu
Uwagi dla czytelnika
Forecasting
Zastosowanie matematyki w ekonomi
Zastosowanie metod ilościowych
Zastosowanie metod ilościowych
Prognozowanie